| 000 | 01946cam a22004697a 4500 | ||
|---|---|---|---|
| 003 | CHAP | ||
| 005 | 20220817041139.0 | ||
| 008 | 971013s1991 mx r 10010 spa d | ||
| 010 | _a7432 | ||
| 011 | _a8404 | ||
| 020 | _a968884151X | ||
| 035 | _a7630 | ||
| 040 | _cCHAP | ||
| 082 | 0 | 4 |
_a580.63 _bS4 1990 |
| 111 | 0 | 0 |
_aForo de Investigación y Servicio del Oriente del Estado de México ( _n2 _d: 1990 _c: Chapingo, Méx.) _942435 |
| 245 | 1 | 0 |
_aMemoria _c/por Marco Antonio Anaya Pérez, José Alfredo Castellanos Suárez y Jorge Ocampo Ledesma |
| 260 |
_aChapingo, Méx. : _bUACH, _c1991 |
||
| 300 |
_a354 p. _b: ilus. |
||
| 590 |
_aBATCH-UPD _b10 _c20130109 _lUCH01 _h2345 |
||
| 590 |
_aBATCH-UPD _b10 _c20130110 _lUCH01 _h0858 |
||
| 590 |
_aBATCH-UPD _b10 _c20130409 _lUCH01 _h1915 |
||
| 590 |
_aBATCH-UPD _b10 _c20130410 _lUCH01 _h0528 |
||
| 590 |
_aBATCH-UPD _b10 _c20130914 _lUCH01 _h0727 |
||
| 590 |
_aCONVERSION _b10 _c20130109 _lUCH01 _h1305 |
||
| 650 | 1 | 4 |
_aBotánica _xCongresos. _914522 |
| 650 | 1 | 4 |
_aBotánica _xInvestigación. _914562 |
| 650 | 1 | 4 |
_aBotánica _xMéxico (Edo.) _914593 |
| 650 | 1 | 4 |
_aRecursos naturales _zMéxico (Edo.). _995330 |
| 650 | 1 | 4 |
_aSuelos _xInvestigación _xMéxico (Edo.) _9110410 |
| 700 | 0 |
_aAnaya Perez, Marco Antonio. _95509 |
|
| 700 | 0 |
_aCastellanos Suárez, José Alfredo. _920024 |
|
| 700 | 0 |
_aOcampo Ledesma, Jorge G. _982603 |
|
| 710 | 0 | _aUACH. Dirección de Difusión Cultural. | |
| 901 | _aBK | ||
| 942 | _cLIBRO | ||
| 949 |
_a580.63 S4 1990 _bBC _cCONG _d-150740 _eCONG _fc.5 _h83177 _i7630 _si |
||
| 949 |
_a580.63 S4 1990 _bBC _cLIBRO _d33724000500658 _eLIBRO _h83173 _i7630 _si |
||
| 949 |
_a580.63 S4 1990 _bBC _cLIBRO _d33724000500666 _eLIBRO _fc.2 _h83174 _i7630 _si |
||
| 949 |
_a580.63 S4 1990 _bBC _cLIBRO _d33724000500674 _eLIBRO _fc.3 _h83175 _i7630 _si |
||
| 949 |
_a580.63 S4 1990 _bBC _cLIBRO _d33724002170371 _eLIBRO _fc.5 _h112339 _i7630 _sb |
||
| 949 |
_a580.63 S4 1990 _bBC _cUACH _d-150739 _eUACH _fc.4 _h83176 _i7630 _si |
||
| 999 |
_c7432 _d7432 |
||